[Event "Johor op-A 7th"]
[Site "Johor"]
[Date "2022.12.28"]
[Round "4"]
[White "Foo, Jiu Weir Brien"]
[Black "Juhar, Muhd Luqman"]
[Result "1-0"]
[WhiteElo "1773"]
[BlackElo "1185"]
[PlyCount "93"]
[EventDate "2022.12.26"]
[EventType "swiss"]
[EventRounds "9"]
[EventCountry "MAS"]
[SourceTitle "CBM 212 Extra"]
[Source "ChessBase"]
[SourceDate "2023.03.31"]
[SourceVersion "1"]
[SourceVersionDate "2023.03.31"]
[SourceQuality "1"]

1. d4 d5 2. c4 e6 3. Nc3 Nf6 4. Bg5 Be7 5. cxd5 exd5 6. e3 c6 7. Bd3 Be6 8. Nge2 Nbd7 9. 0-0 h6 10. Bh4 Bg4 11. f3 Bh5 12. Qc2 g5 13. Bg3 Rg8 14. h3 Nf8 15. Rae1 Bd6 16. e4 dxe4 17. Nxe4 Nxe4 18. Bxe4 Ne6 19. Bxc6+ bxc6 20. Qxc6+ Ke7 21. d5 Qb6+ 22. Qxb6 axb6 23. Bxd6+ Kxd6 24. dxe6 fxe6 25. Nc3 Be8 26. Rd1+ Ke7 27. Rfe1 Bc6 28. a3 Rgd8 29. Kf2 h5 30. Rxd8 Rxd8 31. Rd1 Rxd1 32. Nxd1 Kd6 33. Ke3 Kc5 34. Kd3 g4 35. hxg4 hxg4 36. fxg4 Bxg2 37. Ne3 Bc6 38. g5 Be8 39. b4+ Kb5 40. Nc4 Bg6+ 41. Kc3 Bh7 42. Ne5 Ka6 43. g6 Bg8 44. Nd7 e5 45. Nxe5 Kb7 46. Nf7 Kc7 47. Nh6 1-0

[Event "Penang op-A 14th"]
[Site "Penang"]
[Date "2022.12.20"]
[Round "2"]
[White "Lin, Jie Xun"]
[Black "Foo, Jiu Weir Brien"]
[Result "1-0"]
[WhiteElo "1462"]
[BlackElo "1773"]
[PlyCount "93"]
[EventDate "2022.12.19"]
[EventType "swiss"]
[EventRounds "9"]
[EventCountry "MAS"]
[SourceTitle "CBM 211 Extra"]
[Source "ChessBase"]
[SourceDate "2023.01.31"]
[SourceVersion "1"]
[SourceVersionDate "2023.01.31"]
[SourceQuality "1"]

1. d4 d5 2. c4 e6 3. g3 Nf6 4. Nf3 Be7 5. Bg2 0-0 6. 0-0 a5 7. Qc2 Nc6 8. a3 dxc4 9. Rd1 Bd7 10. Qxc4 a4 11. Qd3 Na5 12. Nbd2 Qe8 13. e4 Bb5 14. Qc3 Bc6 15. Ne5 Nd7 16. Nxc6 Nxc6 17. Nc4 Nb6 18. Nxb6 cxb6 19. Be3 Rc8 20. Rac1 Na5 21. Qxc8 Qxc8 22. Rxc8 Rxc8 23. Bf1 Nc4 24. Bxc4 Rxc4 25. d5 exd5 26. exd5 b5 27. d6 Bd8 28. Rd5 b4 29. axb4 f6 30. Rb5 Rc6 31. Rxb7 Rxd6 32. Ra7 Bb6 33. Bxb6 Rxb6 34. Rxa4 Kf7 35. Kf1 Ke6 36. Ke2 g5 37. Kd3 Rd6+ 38. Kc3 Rc6+ 39. Kb3 Kd5 40. b5 Rb6 41. Kb4 Re6 42. Ka5 Re2 43. Rb4 Re8 44. b6 Kc6 45. b7 Rb8 46. Ka6 Kc5 47. Rb3 1-0

[Event "Penang op-B 11th"]
[Site "Penang"]
[Date "2019.12.13"]
[Round "7"]
[White "Doan, Thi Van Anh"]
[Black "Foo, Jiu Weir Brien"]
[Result "1-0"]
[WhiteElo "1996"]
[BlackElo "1795"]
[PlyCount "105"]
[EventDate "2019.12.09"]
[EventType "swiss"]
[EventRounds "9"]
[EventCountry "MAS"]
[SourceTitle "CBM 193 Extra"]
[Source "ChessBase"]
[SourceDate "2020.01.31"]
[SourceVersion "1"]
[SourceVersionDate "2020.01.31"]
[SourceQuality "1"]

1. d4 d5 2. c4 e6 3. Nc3 dxc4 4. e3 Nf6 5. Bxc4 c5 6. Nf3 a6 7. 0-0 Nc6 8. d5 Na5 9. Bb3 c4 10. Bc2 exd5 11. e4 dxe4 12. Qxd8+ Kxd8 13. Nxe4 Nc6 14. Bf4 h6 15. Rad1+ Ke8 16. Rfe1 Be6 17. Nxf6+ gxf6 18. Rxe6+ fxe6 19. Bg6+ Ke7 20. Bd6+ Kd7 21. Bxf8+ Kc7 22. Bd6+ Kb6 23. Bf7 Nd8 24. Bh5 Nc6 25. Nd2 Na5 26. Be7 f5 27. Be2 Rac8 28. Bb4 Rhd8 29. Bxa5+ Kxa5 30. Nxc4+ Kb4 31. Nd6 Rc2 32. a3+ Kb3 33. Nxb7 Rb8 34. Bxa6 Kxb2 35. a4 e5 36. h3 e4 37. Nd6 Rb4 38. Nxf5 Rxa4 39. Bb7 Rb4 40. Bd5 h5 41. Ng3 h4 42. Nxe4 Ka3 43. Nd6 Rf4 44. Bf3 Kb4 45. Rd5 Rc1+ 46. Kh2 Rf1 47. Ne4 Ka3 48. Rb5 Ka4 49. Nc3+ Ka3 50. Bd5 Rb4 51. Rxb4 Kxb4 52. Ne4 Kb5 53. Bc4+ 1-0

[Event "Penang op-B 11th"]
[Site "Penang"]
[Date "2019.12.13"]
[Round "8"]
[White "Foo, Jiu Weir Brien"]
[Black "Zulkippli, Iskandar Haikal"]
[Result "0-1"]
[WhiteElo "1795"]
[BlackElo "1404"]
[PlyCount "80"]
[EventDate "2019.12.09"]
[EventType "swiss"]
[EventRounds "9"]
[EventCountry "MAS"]
[SourceTitle "CBM 193 Extra"]
[Source "ChessBase"]
[SourceDate "2020.01.31"]
[SourceVersion "1"]
[SourceVersionDate "2020.01.31"]
[SourceQuality "1"]

1. e4 c5 2. Nf3 g6 3. d4 cxd4 4. Nxd4 Nc6 5. Be3 Bg7 6. Nc3 Nf6 7. f3 0-0 8. Qd2 d5 9. 0-0-0 dxe4 10. Nxc6 Qxd2+ 11. Rxd2 bxc6 12. Nxe4 Nxe4 13. fxe4 Be6 14. Ba6 Rfd8 15. Rxd8+ Rxd8 16. Rd1 Bxb2+ 17. Kxb2 Rxd1 18. Bxa7 Rd2 19. a4 Rxg2 20. Bb6 Rxh2 21. Bb7 Bc4 22. Kc3 Bf1 23. Bxc6 Ba6 24. Bb5 Bb7 25. Kd3 g5 26. c4 Kf8 27. c5 Rb2 28. Kc3 Rb1 29. Bd3 Ra1 30. Bb5 Bxe4 31. Kd4 Bb7 32. c6 Rd1+ 33. Kc4 Rc1+ 34. Kd5 Bc8 35. a5 Ra1 36. Kc4 g4 37. Kc3 Rb1 38. Bd3 Rc1+ 39. Kd2 Rxc6 40. Bxh7 f5 0-1

[Event "Johor op 5th"]
[Site "Johor"]
[Date "2018.12.11"]
[Round "2"]
[White "Khandhar, Kaushal"]
[Black "Foo, Jiu Weir Brien"]
[Result "1-0"]
[WhiteElo "1878"]
[BlackElo "1636"]
[PlyCount "37"]
[EventDate "2018.12.10"]
[EventType "swiss"]
[EventRounds "9"]
[EventCountry "MAS"]
[SourceTitle "CBM 187 Extra"]
[Source "ChessBase"]
[SourceDate "2018.11.04"]
[SourceVersion "1"]
[SourceVersionDate "2018.11.04"]
[SourceQuality "1"]

1. d4 Nf6 2. Bf4 d6 3. Nf3 Nbd7 4. e3 c6 5. c4 Nh5 6. Bg5 h6 7. Bh4 g6 8. Nfd2 Ndf6 9. Be2 Ng7 10. Bg3 Nf5 11. Nc3 Nxg3 12. hxg3 Bg7 13. Qc2 a6 14. 0-0-0 b5 15. f4 Ng4 16. Bxg4 Bxg4 17. Nf3 b4 18. Ne2 Qa5 19. Kb1 1-0

[Event "Penang op-B 9th"]
[Site "Penang"]
[Date "2017.12.06"]
[Round "5"]
[White "Foo, Jiu Weir Brien"]
[Black "Hairul, Muhd Ilhan Mansiz"]
[Result "1/2-1/2"]
[WhiteElo "1380"]
[BlackElo "1546"]
[PlyCount "45"]
[EventDate "2017.12.04"]
[EventType "swiss"]
[EventRounds "9"]
[EventCountry "MAS"]
[SourceTitle "CBM 182 Extra"]
[Source "ChessBase"]
[SourceDate "2018.02.23"]
[SourceVersion "1"]
[SourceVersionDate "2018.02.23"]
[SourceQuality "1"]

1. e4 c5 2. c3 g6 3. d4 cxd4 4. cxd4 Bg7 5. Nf3 e6 6. Nc3 Ne7 7. Be3 0-0 8. Be2 d5 9. e5 Nf5 10. Bf4 a6 11. Bd3 Ne7 12. 0-0 Nbc6 13. Qd2 f6 14. Bh6 fxe5 15. Bxg7 Kxg7 16. Nxe5 Nxe5 17. dxe5 Qb6 18. Rab1 Nc6 19. Qe2 Bd7 20. Kh1 Qd4 21. Rbe1 Rf7 22. Bb1 Raf8 23. f3 1/2-1/2